000 00365nam a2200133Ia 4500
008 151001s9999||||xx |||||||||||||| ||und||
100 _aभाऊ पाध्ये
245 _aवासूनाका
250 _a5
260 _bपॉप्युलर प्रकाशन मुंबई
260 _c1995
300 _a122
365 _b18
999 _c971974
_d971971